000 00719nam a2200229Ii 4500
003 JO-AjNU
008 230605s9999||||xx |||||||||||||| ||und||
017 _a2005/12/2812
020 _a9957-466-12-7
040 _aJO-AjNU
_bara
_erda
_cJO-AjNU
041 _aara
050 1 4 _aN74433.95.K8352 2006
100 3 _aالكوفحي , خليل محمد تأليف ,
_eauthor
_911264
245 0 0 _aمهارات في الفنون التشكيلية
250 _aط1
264 3 1 _aإربد: عالم الكتب الحديث , 2006
300 _a248ص
336 _atext
_btxt
_2rdacontent
337 _aunmediated
_bn
_2rdamedia
338 _avolume
_bnc
_2rdacarrier
650 4 _aالفنون التشكيلية
_911265
999 _aA2234
_c5802
_d5802